000 01019nam a22003017a 4500
001 4981342
003 OSt
005 20210422051910.0
008 980722s1999 ctu f 001 0 eng c
010 _a 98037952
020 _a0838510701 (pbk. : alk. paper)
040 _aDNLM/DLC
_cDLC
_dDLC
050 0 0 _aRT98
_b.C5449 1999
060 1 0 _aWY 49
_bC594c 1999
080 _a616-08
_bC-59
082 0 0 _a610.73/43
_221
100 1 _aClark, Mary Jo Dummer.
245 1 0 _aCommunity health nursing handbook /
_cMary Jo Clark.
260 _aStamford, Conn. :
_bAppleton & Lange,
_cc1999.
300 _axi, 272 p. ;
_c21 cm.
500 _aIncludes index.
650 0 _aCommunity health nursing
_xHandbooks, manuals, etc.
650 1 2 _aCommunity Health Nursing
_vhandbooks.
653 _aპაციენტის მოვლა
906 _a7
_bcbc
_corignew
_d1
_eocip
_f19
_gy-gencatlg
942 _2udc
_cBK
999 _c760
_d760